DESIGNING INTERACTIONS (Registro nro. 54257)
[ vista simple ]
| 000 -LEADER | |
|---|---|
| fixed length control field | 00831nam a2200193 a 4500 |
| 001 - CONTROL NUMBER | |
| control field | 54257 |
| 005 - DATE AND TIME OF LATEST TRANSACTION | |
| control field | 20180714044957.0 |
| 008 - FIXED-LENGTH DATA ELEMENTS--GENERAL INFORMATION | |
| fixed length control field | 140415s2007 sp 000 0 eng d |
| 020 ## - INTERNATIONAL STANDARD BOOK NUMBER | |
| International Standard Book Number | 9780262134743 |
| 041 ## - LANGUAGE CODE | |
| Language code of text/sound track or separate title | eng |
| 082 ## - DEWEY DECIMAL CLASSIFICATION NUMBER | |
| Classification number | 004.019 |
| Item number | MOG |
| 100 1# - MAIN ENTRY--PERSONAL NAME | |
| Personal name | MOGGRIDGE, BILL |
| 245 10 - TITLE STATEMENT | |
| Title | DESIGNING INTERACTIONS |
| 250 ## - EDITION STATEMENT | |
| Edition statement | 1a ed. |
| 260 ## - PUBLICATION, DISTRIBUTION, ETC. | |
| Place of publication, distribution, etc. | ESPAÑA : |
| Name of publisher, distributor, etc. | MASSACHUSETTS INSTITUTE OF TECHNOLOGY, |
| Date of publication, distribution, etc. | 2007 |
| 300 ## - PHYSICAL DESCRIPTION | |
| Extent | 1283 |
| Dimensions | 21 x 3.5 x 23.5 |
| 520 ## - SUMMARY, ETC. | |
| Summary, etc. | THIS WILL BE THE BOOK-THE BOOK THAT SUMMARIZES HOW THE TECHNOLOGY OF INTERACTION CAME INTO BEING AND PRECRIBES HOW IT WILL ADVANCE IN THE FUTURE. WRITTEN BY THE DESIGNER WHO WAS THERE, WHO HELPED MAKE IT HAPPEN, WHO PIONEERED THE DIGITAL REVOLUTION. ESSENTIAL, EXCITING, AND A DELIGHT FOR BOTH EYES AND MIND. |
| 650 14 - SUBJECT ADDED ENTRY--TOPICAL TERM | |
| Topical term or geographic name entry element | INTERACCION HOMBRE |
| General subdivision | COMPUTADOR |
| Withdrawn status | Lost status | Source of classification or shelving scheme | Damaged status | Not for loan | Collection code | Home library | Current library | Shelving location | Date acquired | Source of acquisition | Inventory number | Total Checkouts | Full call number | Barcode | Date last seen | Date last checked out | Price effective from | Koha item type |
|---|---|---|---|---|---|---|---|---|---|---|---|---|---|---|---|---|---|---|
| Dewey Decimal Classification | General | Biblioteca Karol Wojtyla | Biblioteca Karol Wojtyla | Sala general | 03/12/2013 | Compra | 151000000000000000065062 | '004.019 MOG | 80955 | 05/01/2026 | 03/12/2014 | 03/12/2013 | Libro | |||||
| Dewey Decimal Classification | General | Biblioteca Karol Wojtyla | Biblioteca Karol Wojtyla | Sala general | 03/12/2013 | Compra | 151000000000000000065064 | '004.019 MOG | 81704 | 05/01/2026 | 18/12/2014 | 03/12/2013 | Libro | |||||
| Dewey Decimal Classification | General | Biblioteca Karol Wojtyla | Biblioteca Karol Wojtyla | Sala general | 03/12/2013 | Compra | 151000000000000000065063 | '004.019 MOG | 80956 | 05/01/2026 | 03/12/2013 | Libro |